Jednoduchosť rovná sa obľúbenosť Využívame turistické ubytovne, účelové zariadenia? ; Jana Drobová, Jozef Krško, Anton Radičný, Ján Rajnič, Dominik Matušinský

Bibliographic Details
Main Authors: Drobová, Jana (Author), Krško, Jozef (Author), Radičný, Anton (Author), Rajnič, Ján (Author), Matušinský, Dominik (Author)
Format: Article
Language:Slovak
Subjects:

MARC

LEADER 00000nab a2200000 a 4500
001 vtls000009415
003 SK-MaSNL
005 20260303210753.0
008 111103c1978 xo 0 slo
015 |a SNBRB19rr/mm-uuuuu 
035 |a CL0019509 
040 |a SNKBUCL  |b slo  |c SNKBUCL  |e AACR2 
041 0 |a slo 
044 |a xo  |c SK 
080 |a 379.8  |2 1981 
245 0 0 |a Jednoduchosť rovná sa obľúbenosť  |b Využívame turistické ubytovne, účelové zariadenia? ; Jana Drobová, Jozef Krško, Anton Radičný, Ján Rajnič, Dominik Matušinský 
650 0 7 |a voľný čas  |2 snkbucl  |9 3355 
650 0 7 |a rekreačné zariadenia  |2 snkbucl  |9 3012 
655 7 |a články z novín a časopisov  |2 snkbucl  |9 267496 
700 1 |a Drobová, Jana  |4 aut  |9 481783 
700 1 |a Krško, Jozef  |4 aut  |9 270630 
700 1 |a Radičný, Anton  |4 aut  |9 1002057 
700 1 |a Rajnič, Ján  |4 aut  |9 272139 
700 1 |a Matušinský, Dominik  |4 aut  |9 941739 
773 0 |t Pravda  |g Roč. 59, č. 243 (14. 10. 1978), s. 1 a 2 
850 |a Slovenská národná knižnica v Martine  |a MTA001 
852 |a SNK  |b KIS3GCP 
958 |a RK 
992 |a RBX 
999 |c 2201580  |d 2203510